000 00693nam a2200205Ia 4500
005 20250508161622.0
008 008 250505s9999 xx 000 0 eng d
037 _aTextual
040 _aFEDL
_beng
_cFEDL
041 _aeng
_2eng
084 _a510, THO
_qFEDL
100 _aThoburn Tina and others
_9771075
245 0 _aFoundations for developing mathematics: Teacher's annotated edition
260 _aLondon, UK
_bThe Macmillan Company
_c1970
300 _a94 + 38p.
490 _aThe Macmillan School Mathematics Program
546 _aJt. Authors: Jo McKeeby Phillips, Walter J. Sanders, J. Franklin Fitzgerald
942 _cTEXL
_h510, THO
999 _c1371161
_d1371161